Quizzes
Events
Quiz Creation
Community
Videos
Private Events
Remove Ads
Sign In
Join for FREE
Feedback
Dark Mode
Quiz Categories
Sports
Geography
Music
Movies
Television
Just For Fun
Miscellaneous
History
Literature
Language
Science
Gaming
Entertainment
Religion
Holiday
For Kids
Quiz Lab
Recent
Popular Today
Quiz Kudos Today
Editor Picks
Curator Picks
Quizzes by...
Day
Popularity
Type
Ratings
Length
Year
Community
Subscriptions
Recent Discussions
Orange Saloon
Badges
Playlists
Quests
Create
Leaderboards
Showdown
Live 5
Trivia Bingo
Activity
Puzzle Library
Sporcle Events
Private Events
Virtual Trivia
Globe League
Become a Host
Pub Owners
SporcleCon
Opinionation
Our Games
Videos
Blog
Mobile Apps
Partnerships
Remove Ads and Go Orange
Feedback
Religion
Mythology
Religious Music
World Religions
Bible
Christianity
Catholicism
Judaism
Church
Scripture
Islam
Verse
Religion
Mythology
Religious Music
World Religions
Bible
Christianity
Catholicism
Judaism
Church
Scripture
Islam
Verse
Random Quiz
Search Sporcle
×
Quiz Lab
Quiz Lab
Religion
Author
Type in answers that appear in a list
Type in answers that appear in a list
Classic
Best Score? Go Orange.
Catholic Social Encylicals Stats
Can you name the Encylical's Author?
By
eddiericker
10m
20 Questions
19 Plays
19 Plays
19 Plays
Comments
Comments
Give Quiz Kudos
Give Quiz Kudos
-
- Ratings
hide this ad
Forced Order
Answers have to be entered in order
Answers have to be entered in order
Replay
Link that replays current quiz
Next Quiz
Link to next quiz in quiz playlist
You Got
0%
They Got
Avg Score
45%
Avg Friend Score
Upgrade to see
Score Distribution
Jump to the score distribution portion of the page
Score
0/20
Timer
10:00
0
Plays Today
Encylical
Pope
% Correct
Pacem In Terris
John XXIII
68.4%
Laborem Exercens
John Paul II
68.4%
Evangelium Vitae
John Paul II
63.2%
Mortalium Animos
Pius XI
63.2%
Deus Caritas Est
Benedict XVI
63.2%
Sollicitudo Rei Socialis
John Paul II
57.9%
Mater et Magistra
John XXIII
57.9%
Populorum Progressio
Paul VI
57.9%
Humanae Vitae
Paul VI
52.6%
Lacrimabili Statu
Pius X
47.4%
Encylical
Pope
% Correct
Quadragesimo Anno
Pius XI
47.4%
Incredibili
Pius IX
42.1%
Catholicae Ecclesiae
Leo XIII
36.8%
Nullis Certe Verbis
Pius IX
36.8%
Libertas Praestantissimum
Leo XIII
36.8%
E Supremi
Pius X
26.3%
Sicut Dudum
Eugene IV
21.1%
Super Cathedram Principis Apostolorum
Alexander VII
21.1%
Sublimus Dei
Paul III
21.1%
Sollicitudo Pastoralis
Innocent XI
21.1%
Quiz Playlist
Details
Report
Send in Message
Add To Playlist
Classic:
Type in answers that appear in a list
Forced Order:
Answers have to be entered in order
Quiz Source
Last Updated: Feb 16, 2017
Quiz Scoreboard
CHALLENGE
Sign Up to Join the Scoreboard
Show All
Scores
Hide
Comments
May contain spoilers
Recently Published
An Introduction to Baseball
by treessimontrees
Sports
5m
Movies - When Are They Set?
by FPL_Elf
Movies
5m
Popular People in 1961
by mucciniale
History
6m
More to Explore
Quiz From the Vault
Featured Blog Post
Where Did the Easter Bunny Come From?
hide this ad
You Might Also Like...
Tags
Author Quiz
Catholicism Quiz
Novel Quiz
catholic
description
Encyclical
pope
social
Today's Top Quizzes in Religion
Browse Religion
hide this ad
Today's Top Quizzes in Author
Browse Author
Top Contributed Quizzes in Religion
1
5-to-1: Children of Gods
2
5-to-1: European Churches
3
10 to 1: Islam
4
Order Up: Seven Last Words of Christ
5
One Thing in Common: Mythology
6
Religion Who Wants To Be A Millionaire
7
10 to 1: Protestantism
8
10 to 1: Norse Religion
9
One Thing in Common: Mythology II
10
Prime Time: Religion
Explore More
Trending Topics
Harry Potter
NBA
Kpop
Marvel
Anime
Crossword
Disney
NFL
Pokémon
The Office
Puzzle
Country
WWE
Soccer
Song
hide this ad
More By:
eddiericker
Quiz
Plays
Rating
Category
Featured
Created
Catholic Social Encylicals
19
Religion
Nov 2, 2009
Go to Creator's Profile
Score Distribution
Quiz Creator Spotlight
eddiericker
Follow
Send a Message
Quizzes Created
-
Created Quiz Play Count
-
More By This Creator
Popular Quizzes Today
1
Find the Countries of Europe - No Outlines Minefield
2
Find the US States - No Outlines Minefield
3
The Countries of the World
4
Popular People in 1961
5
US States
6
Find the US States
7
1-10 Letter E Words III
8
Risky Map Clicking: Biggest States A-Z
More Religion Quizzes
One Wrong Answer: The Bible
Published
Trending Quizzes
Risky Map Clicking: Least Populous States A-Z
1-10 Letter F Words
1-10 Letter G Words
Not Quite an Element Typing Challenge
One Thing in Common: United Kingdom
Recently Updated
Leaping Animals
pecheneg
Reality TV Shows (A-Z)
bhenderson79
Rickey Henderson's Hall of Fame Teammates
pecheneg
Champions League XIs: Arsenal
pecheneg
Quick Pick: Celebrities in WWE's Hall of Fame
aduchscher
A-Z Keypad Blitz II
pecheneg
Multiple Oscar Actors
pecheneg
Mystery Phrase Blitz: Oscar 'Best Actors'
pecheneg
F. Scott Fitzgerald Novels
LTH
Pick 3 Villains
ddd62291
Trending Topics
Harry Potter
Marvel
Crossword
Kpop
Anime
NBA
Disney
Song
Pokémon
NFL
The Office
Country
Soccer
WWE
Puzzle
Your Account Isn't Verified!
In order to create a playlist on Sporcle, you need to verify the email address you used during registration. Go to your
Sporcle Settings
to finish the process.
Report this User
Report this user for behavior that violates our
Community Guidelines
.
Details:
Send Report
Go to the Sporcle.com Mobile Site →
Comments